[Event "RB-2021-0-00398"]
[Site "LSS email"]
[Date "2021.01.10"]
[Round "?"]
[White "Neumann, Ulf"]
[Black "Sandocal, Uzmir"]
[Result "1-0"]
[WhiteElo "1897"]
[BlackElo "1880"]
[PlyCount "61"]
[EventDate "2020.09.12"]
[EventType "tourn (corr)"]
[EventRounds "6"]
[EventCountry "GER"]
[SourceTitle "Corr 2022"]
[Source "ChessBase"]
[SourceDate "2021.10.24"]
[SourceVersion "1"]
[SourceVersionDate "2021.10.24"]
[SourceQuality "1"]

1. b3 b6 2. e4 Bb7 3. Nc3 d6 4. g3 e6 5. Bg2 Nf6 6. d4 Be7 7. Nge2 0-0 8. d5 e5 9. 0-0 Na6 10. a4 c6 11. Re1 Rc8 12. dxc6 Bxc6 13. Bg5 Qd7 14. h4 h6 15. Bxf6 Bxf6 16. Nb5 Rfd8 17. c4 Nb4 18. Kh2 g5 19. Nec3 Rb8 20. Bh3 Qb7 21. Nd5 Nxd5 22. cxd5 Bxb5 23. axb5 Kh7 24. h5 Kg7 25. Qe2 Qe7 26. Rec1 Kh8 27. Rc3 Rb7 28. Rac1 Kg8 29. Bc8 Rb8 30. Rc7 Qxc7 31. Rxc7 1-0

[Event "RB-2021-0-00398"]
[Site "LSS email"]
[Date "2021.01.10"]
[Round "?"]
[White "Nikel, Bogdan"]
[Black "Sandocal, Uzmir"]
[Result "1/2-1/2"]
[WhiteElo "1990"]
[BlackElo "1880"]
[PlyCount "74"]
[EventDate "2020.09.12"]
[EventType "tourn (corr)"]
[EventRounds "6"]
[EventCountry "GER"]
[SourceTitle "Corr 2022"]
[Source "ChessBase"]
[SourceDate "2021.10.24"]
[SourceVersion "1"]
[SourceVersionDate "2021.10.24"]
[SourceQuality "1"]

1. e4 e6 2. d4 d5 3. Nc3 Nf6 4. exd5 exd5 5. Nf3 Bd6 6. Bd3 0-0 7. 0-0 Bg4 8. h3 Bh5 9. g4 Bg6 10. Re1 c6 11. Ne5 Nbd7 12. Bf4 Bc7 13. Nxg6 hxg6 14. Qd2 Bxf4 15. Qxf4 Qb6 16. a3 Rfe8 17. b4 Nf8 18. Na4 Qd8 19. Rxe8 Nxe8 20. Qe5 Nd6 21. Re1 g5 22. Qe7 Ne6 23. Rxe6 fxe6 24. Qxe6+ Nf7 25. Nc5 Qf6 26. Qxf6 gxf6 27. Nxb7 Nd8 28. Na5 Rc8 29. f3 Kf7 30. Bf5 Rc7 31. a4 Ke8 32. Nb3 Rb7 33. c3 Re7 34. Kf2 Nb7 35. Nd2 Kd8 36. Bd3 Re8 37. Nb3 Rh8 1/2-1/2

[Event "RB-2020-0-00396"]
[Site "LSS email"]
[Date "2020.11.28"]
[Round "?"]
[White "Cruz Ramirez, Eliecer"]
[Black "Sandocal, Uzmir"]
[Result "0-1"]
[WhiteElo "1832"]
[BlackElo "1864"]
[PlyCount "90"]
[EventDate "2020.07.03"]
[EventType "tourn (corr)"]
[EventRounds "6"]
[EventCountry "GER"]
[SourceTitle "Corr 2022"]
[Source "ChessBase"]
[SourceDate "2021.10.24"]
[SourceVersion "1"]
[SourceVersionDate "2021.10.24"]
[SourceQuality "1"]

1. e4 e5 2. Nf3 Nc6 3. Bb5 a6 4. Ba4 Nf6 5. 0-0 Be7 6. Bxc6 dxc6 7. d3 Bd6 8. Nbd2 Bg4 9. Nc4 Nd7 10. Ne3 Be6 11. Re1 Qf6 12. Bd2 h5 13. g3 Qg6 14. h4 f6 15. a3 c5 16. b4 0-0 17. c4 b5 18. Qe2 Rfb8 19. Reb1 c6 20. Be1 Bf8 21. Rc1 cxb4 22. Bxb4 c5 23. Ba5 Bd6 24. Nd2 Rb7 25. Nb3 bxc4 26. Nd2 cxd3 27. Qxd3 Bf8 28. Nd5 Qf7 29. Nc7 Rxc7 30. Bxc7 Rc8 31. Ba5 c4 32. Qe2 Bc5 33. Rc2 Nb8 34. Bc3 Nc6 35. Bb2 Na5 36. Kh2 Bd4 37. Rac1 Kh7 38. Ba1 Rc6 39. Qe1 Qd7 40. Rd1 Bxa1 41. Rxa1 Rd6 42. Rb1 Rd3 43. Rbc1 Qd4 44. Kg2 Qd7 45. a4 c3 0-1

[Event "RB-2020-0-00395"]
[Site "LSS email"]
[Date "2020.09.06"]
[Round "?"]
[White "Chapman, Mark"]
[Black "Sandocal, Uzmir"]
[Result "1/2-1/2"]
[WhiteElo "1867"]
[BlackElo "1856"]
[PlyCount "50"]
[EventDate "2020.05.09"]
[EventType "tourn (corr)"]
[EventRounds "6"]
[EventCountry "GER"]
[SourceTitle "Corr 2022"]
[Source "ChessBase"]
[SourceDate "2021.10.24"]
[SourceVersion "1"]
[SourceVersionDate "2021.10.24"]
[SourceQuality "1"]

1. e4 e5 2. Nf3 Nc6 3. Bb5 a6 4. Ba4 Nf6 5. 0-0 Be7 6. Re1 b5 7. Bb3 d6 8. c3 Na5 9. Bc2 c5 10. d4 exd4 11. cxd4 Bg4 12. Nbd2 0-0 13. h3 Bh5 14. dxc5 dxc5 15. e5 Nd5 16. Be4 Rc8 17. Nf1 Nb4 18. Bd2 c4 19. Bxh7+ Kxh7 20. Ng5+ Kh6 21. g4 Bxg5 22. Bxb4 Re8 23. Bxa5 Qxa5 24. gxh5 c3 25. bxc3 Qxc3 1/2-1/2

[Event "RB-2020-0-00394"]
[Site "LSS email"]
[Date "2020.09.06"]
[Round "?"]
[White "Sandocal, Uzmir"]
[Black "Plutarco, Fosca"]
[Result "1/2-1/2"]
[WhiteElo "1849"]
[BlackElo "1936"]
[PlyCount "40"]
[EventDate "2020.03.30"]
[EventType "tourn (corr)"]
[EventRounds "6"]
[EventCountry "GER"]
[SourceTitle "Corr 2022"]
[Source "ChessBase"]
[SourceDate "2021.10.24"]
[SourceVersion "1"]
[SourceVersionDate "2021.10.24"]
[SourceQuality "1"]

1. e4 g6 2. d4 d6 3. c4 Bg7 4. Nf3 Bg4 5. Be2 Bxf3 6. Bxf3 Nc6 7. d5 Nd4 8. 0-0 c5 9. Nc3 Nf6 10. Be3 Nd7 11. Bg4 Ne5 12. Be2 a6 13. f4 Nd7 14. Kh1 0-0 15. Bd3 Qa5 16. Bd2 Qc7 17. a4 e6 18. g4 Nf6 19. Be1 Rae8 20. Bh4 Qc8 1/2-1/2

[Event "RB-2020-0-00394"]
[Site "LSS email"]
[Date "2020.09.01"]
[Round "?"]
[White "Wittal, Werner"]
[Black "Sandocal, Uzmir"]
[Result "1/2-1/2"]
[WhiteElo "1998"]
[BlackElo "1849"]
[PlyCount "60"]
[EventDate "2020.03.30"]
[EventType "tourn (corr)"]
[EventRounds "6"]
[EventCountry "GER"]
[SourceTitle "Corr 2022"]
[Source "ChessBase"]
[SourceDate "2021.10.24"]
[SourceVersion "1"]
[SourceVersionDate "2021.10.24"]
[SourceQuality "1"]

1. d4 d5 2. c4 e6 3. Nc3 c6 4. e3 Nd7 5. Nf3 Ngf6 6. Qc2 Bd6 7. Bd3 0-0 8. 0-0 Re8 9. e4 dxc4 10. Bxc4 e5 11. Be3 exd4 12. Bxd4 Qc7 13. Rae1 b5 14. Bd3 a6 15. Qe2 Bf4 16. g3 Be5 17. Nxe5 Nxe5 18. Rc1 Bb7 19. Bb1 c5 20. Be3 Rac8 21. f3 Qe7 22. a3 h6 23. Rfe1 Rcd8 24. Rcd1 b4 25. Na4 Rxd1 26. Rxd1 Nxf3+ 27. Qxf3 Nxe4 28. Qf5 g6 29. Qd7 Qxd7 30. Rxd7 Bc6 1/2-1/2

[Event "RB-2020-0-00395"]
[Site "LSS email"]
[Date "2020.08.15"]
[Round "?"]
[White "Sandocal, Uzmir"]
[Black "Kraujunas, Vladas"]
[Result "1-0"]
[WhiteElo "1856"]
[BlackElo "1888"]
[PlyCount "81"]
[EventDate "2020.05.09"]
[EventType "tourn (corr)"]
[EventRounds "6"]
[EventCountry "GER"]
[SourceTitle "Corr 2022"]
[Source "ChessBase"]
[SourceDate "2021.10.24"]
[SourceVersion "1"]
[SourceVersionDate "2021.10.24"]
[SourceQuality "1"]

1. e4 e5 2. Nf3 Nc6 3. Bc4 Bc5 4. c3 Nf6 5. d3 d6 6. h3 a6 7. a4 Ba7 8. Nbd2 0-0 9. 0-0 Ne7 10. Re1 Ng6 11. Nf1 c6 12. Bb3 d5 13. Bg5 h6 14. Bxf6 gxf6 15. d4 dxe4 16. Qd2 Kh7 17. Rxe4 f5 18. Rxe5 Nxe5 19. Nxe5 Be6 20. Bc2 Bb8 21. Re1 Qg5 22. f4 Qf6 23. Qe2 Kh8 24. Ne3 Bc7 25. Qh5 Bxe5 26. dxe5 Qg6 27. Qh4 Rad8 28. g4 Rd2 29. Bxf5 Bxf5 30. Nxf5 Kh7 31. Nd6 Rxb2 32. f5 Qg5 33. Qg3 b5 34. a5 Kh8 35. h4 Qg7 36. Qf4 Kh7 37. g5 Ra2 38. Ne4 Kh8 39. Nf6 Ra4 40. Qg3 Rc8 41. Rd1 1-0

[Event "RC-2020-0-00240"]
[Site "LSS email"]
[Date "2020.03.11"]
[Round "?"]
[White "Langheld, Werner"]
[Black "Sandocal, Uzmir"]
[Result "1/2-1/2"]
[WhiteElo "1875"]
[BlackElo "1872"]
[PlyCount "60"]
[EventDate "2019.11.04"]
[EventType "tourn (corr)"]
[EventRounds "6"]
[EventCountry "GER"]
[SourceTitle "Corr 2022"]
[Source "ChessBase"]
[SourceDate "2021.10.24"]
[SourceVersion "1"]
[SourceVersionDate "2021.10.24"]
[SourceQuality "1"]

1. d4 d5 2. Nf3 Nf6 3. e3 b6 4. Bd3 Bb7 5. Nbd2 e6 6. b3 Bd6 7. Bb2 Nbd7 8. Ne5 0-0 9. 0-0 Ne4 10. f4 Ndf6 11. Rf3 Nxd2 12. Qxd2 Ne4 13. Bxe4 dxe4 14. Rg3 f6 15. Nc4 a5 16. a4 Be7 17. Qd1 Rf7 18. Qg4 Qd7 19. Na3 Ba6 20. c4 Rd8 21. Rf1 f5 22. Qe2 g6 23. Nc2 Rg7 24. Rd1 Bf6 25. Na3 Qe8 26. Kh1 c5 27. Nc2 Rgd7 28. Rc1 Qe7 29. Rh3 h5 30. Qe1 Re8 1/2-1/2

[Event "SC-2020-0-00384"]
[Site "LSS email"]
[Date "2020.01.25"]
[Round "?"]
[White "Ramses, Luis"]
[Black "Sandocal, Uzmir"]
[Result "1/2-1/2"]
[WhiteElo "1617"]
[BlackElo "1868"]
[PlyCount "53"]
[EventDate "2019.10.28"]
[EventType "tourn (corr)"]
[EventRounds "6"]
[EventCountry "GER"]
[SourceTitle "Corr 2022"]
[Source "ChessBase"]
[SourceDate "2021.10.24"]
[SourceVersion "1"]
[SourceVersionDate "2021.10.24"]
[SourceQuality "1"]

1. d4 d5 2. c4 dxc4 3. e3 Nf6 4. Bxc4 e6 5. Nc3 a6 6. Nf3 c5 7. 0-0 b5 8. Bd3 Nbd7 9. a4 b4 10. Ne4 Bb7 11. Nxf6+ Qxf6 12. b3 cxd4 13. exd4 Bd6 14. Be3 Bxf3 15. Qxf3 Qxf3 16. gxf3 Nf6 17. Rac1 Kd7 18. Rc2 Rhc8 19. Rxc8 Kxc8 20. Rc1+ Kb7 21. Kg2 Nd5 22. h3 g6 23. Be4 Rd8 24. f4 Rc8 25. Rc4 Kb8 26. Rxc8+ Kxc8 27. Kg3 1/2-1/2

[Event "RB-2020-0-00386"]
[Site "LSS email"]
[Date "2020.01.21"]
[Round "?"]
[White "Neumann, Ulf"]
[Black "Sandocal, Uzmir"]
[Result "1-0"]
[WhiteElo "1900"]
[BlackElo "1863"]
[PlyCount "49"]
[EventDate "2019.12.14"]
[EventType "tourn (corr)"]
[EventRounds "6"]
[EventCountry "GER"]
[SourceTitle "Corr 2022"]
[Source "ChessBase"]
[SourceDate "2021.10.24"]
[SourceVersion "1"]
[SourceVersionDate "2021.10.24"]
[SourceQuality "1"]

1. e4 d5 2. exd5 Qxd5 3. Nf3 Nf6 4. Nc3 Qd6 5. d4 e6 6. a3 Be7 7. Bd3 Nbd7 8. Nb5 Qc6 9. c4 0-0 10. Bf4 Bd6 11. Nxd6 cxd6 12. 0-0 Nh5 13. Bg5 h6 14. Bd2 Ndf6 15. Re1 b6 16. d5 Qc7 17. dxe6 Bxe6 18. Nd4 Bd7 19. Nb5 Bxb5 20. cxb5 d5 21. Rc1 Qd7 22. h3 Rae8 23. Rxe8 Rxe8 24. g4 Nh7 25. gxh5 1-0

[Event "RB-2020-0-00386"]
[Site "LSS email"]
[Date "2020.01.21"]
[Round "?"]
[White "Sandocal, Uzmir"]
[Black "Farnik, Kym"]
[Result "1/2-1/2"]
[WhiteElo "1863"]
[BlackElo "1825"]
[PlyCount "44"]
[EventDate "2019.12.14"]
[EventType "tourn (corr)"]
[EventRounds "6"]
[EventCountry "GER"]
[SourceTitle "Corr 2022"]
[Source "ChessBase"]
[SourceDate "2021.10.24"]
[SourceVersion "1"]
[SourceVersionDate "2021.10.24"]
[SourceQuality "1"]

1. d4 Nf6 2. c4 g6 3. Nc3 d5 4. cxd5 Nxd5 5. Nf3 Bg7 6. e4 Nxc3 7. bxc3 c5 8. Be3 Qa5 9. Qd2 Nc6 10. Rb1 a6 11. Rc1 cxd4 12. cxd4 Qxd2+ 13. Kxd2 e6 14. Bd3 0-0 15. Ke2 Rd8 16. Rc4 Bd7 17. Rhc1 a5 18. Bg5 Rf8 19. a3 a4 20. Kf1 h6 21. Bf4 Na5 22. Rc7 Rfd8 1/2-1/2

[Event "SC-2019-0-00383"]
[Site "LSS email"]
[Date "2019.12.25"]
[Round "?"]
[White "Cleto, Dirceu Jr"]
[Black "Sandocal, Uzmir"]
[Result "1/2-1/2"]
[WhiteElo "1785"]
[BlackElo "1850"]
[PlyCount "77"]
[EventDate "2019.09.25"]
[EventType "tourn (corr)"]
[EventRounds "6"]
[EventCountry "GER"]
[SourceTitle "Corr 2022"]
[Source "ChessBase"]
[SourceDate "2021.10.24"]
[SourceVersion "1"]
[SourceVersionDate "2021.10.24"]
[SourceQuality "1"]

1. e4 d5 2. exd5 Qxd5 3. Nc3 Qd8 4. d4 e6 5. Nf3 Nf6 6. Bc4 Bb4 7. 0-0 b6 8. Qe2 0-0 9. Bg5 Bb7 10. Rad1 Bxc3 11. bxc3 Qd6 12. Bxf6 gxf6 13. d5 exd5 14. Nh4 Kh8 15. Qh5 f5 16. Qxf5 Qe6 17. Bxd5 Bxd5 18. Rxd5 Nc6 19. Rd7 Rac8 20. Qxe6 fxe6 21. Nf3 Rfd8 22. Rfd1 Rxd7 23. Rxd7 Rd8 24. Rxd8+ Nxd8 25. g4 Kg7 26. Kg2 h5 27. gxh5 Kh6 28. Nd4 a6 29. Kf3 Kxh5 30. Kf4 Kg6 31. Nf3 Nb7 32. Ke5 Nc5 33. c4 a5 34. Nd4 Kf7 35. Nb5 Nd7+ 36. Ke4 Nc5+ 37. Kf4 Na6 38. a3 Kf6 39. h4 1/2-1/2

[Event "LSS No Engine Cup 188 Final"]
[Site "LSS email"]
[Date "2019.12.16"]
[Round "?"]
[White "Kelemen, Gyoergy"]
[Black "Sandocal, Uzmir"]
[Result "1-0"]
[WhiteElo "2205"]
[BlackElo "2004"]
[PlyCount "59"]
[EventDate "2019.12.17"]
[EventType "tourn (corr)"]
[EventRounds "6"]
[EventCountry "GER"]
[SourceTitle "Corr 2022"]
[Source "ChessBase"]
[SourceDate "2021.10.24"]
[SourceVersion "1"]
[SourceVersionDate "2021.10.24"]
[SourceQuality "1"]

1. c4 e5 2. g3 Nf6 3. Bg2 c6 4. Nf3 d6 5. 0-0 Be7 6. Nc3 0-0 7. Qc2 Bg4 8. e3 Nfd7 9. d4 Na6 10. h3 Bh5 11. g4 Bg6 12. e4 h5 13. Rd1 hxg4 14. hxg4 Qc8 15. Qe2 Nc7 16. d5 cxd5 17. cxd5 b5 18. Ne1 Qb7 19. Be3 b4 20. Nb1 Qa6 21. Qxa6 Nxa6 22. Nd2 Rfe8 23. Bf1 Nac5 24. Bb5 Red8 25. f3 Rab8 26. Bc6 Nb6 27. Rac1 Nbd7 28. Nc4 f6 29. Nd3 Be8 30. Nxc5 1-0

[Event "LSS No Engine Cup 188 Final"]
[Site "LSS email"]
[Date "2019.12.16"]
[Round "?"]
[White "Sandocal, Uzmir"]
[Black "Jenneborg, Seved"]
[Result "1/2-1/2"]
[WhiteElo "2004"]
[BlackElo "2253"]
[PlyCount "85"]
[EventDate "2019.12.17"]
[EventType "tourn (corr)"]
[EventRounds "6"]
[EventCountry "GER"]
[SourceTitle "Corr 2022"]
[Source "ChessBase"]
[SourceDate "2021.10.24"]
[SourceVersion "1"]
[SourceVersionDate "2021.10.24"]
[SourceQuality "1"]

1. e4 e5 2. Qh5 d6 3. Bc4 g6 4. Qe2 Nc6 5. Nf3 Bg7 6. a4 Nf6 7. d3 0-0 8. 0-0 Bg4 9. c3 Na5 10. Ba2 c5 11. Bg5 Nc6 12. Na3 h6 13. Be3 Re8 14. h3 Bd7 15. Qd2 g5 16. h4 g4 17. Ne1 h5 18. f3 Be6 19. Bg5 gxf3 20. Nxf3 Bxa2 21. Rxa2 Re6 22. Rfa1 d5 23. Re1 Qd7 24. Qe2 Ne7 25. Rea1 Ng6 26. g3 Rd8 27. Rf1 dxe4 28. dxe4 Ra6 29. Ne1 Qe6 30. Ra1 Rxa4 31. Bxf6 Bxf6 32. Ng2 Bg7 33. Rf5 Qa6 34. Qxh5 Rxe4 35. Rf2 Rd7 36. Qf5 Qd3 37. Nc2 Nf4 38. Nge3 Rxe3 39. Nxe3 Qxf5 40. Nxf5 Nh3+ 41. Kf1 Nxf2 42. Kxf2 Rd2+ 43. Ke3 1/2-1/2

[Event "LSS No Engine Cup 188 Final"]
[Site "LSS email"]
[Date "2019.12.16"]
[Round "?"]
[White "Sandocal, Uzmir"]
[Black "Vio, Mauro"]
[Result "1/2-1/2"]
[WhiteElo "2004"]
[BlackElo "1896"]
[PlyCount "49"]
[EventDate "2019.12.17"]
[EventType "tourn (corr)"]
[EventRounds "6"]
[EventCountry "GER"]
[SourceTitle "Corr 2022"]
[Source "ChessBase"]
[SourceDate "2021.10.24"]
[SourceVersion "1"]
[SourceVersionDate "2021.10.24"]
[SourceQuality "1"]

1. e4 e5 2. Qh5 Nc6 3. Bc4 g6 4. Qd1 Nf6 5. Nc3 Bg7 6. d3 Na5 7. Bb3 Nxb3 8. axb3 0-0 9. Nf3 d5 10. Bg5 d4 11. Nd5 Be6 12. Nxf6+ Bxf6 13. Bh6 Re8 14. Qd2 Bg4 15. Ng5 Be7 16. h3 Bd7 17. f4 f6 18. Nf3 exf4 19. Bxf4 g5 20. Bg3 c5 21. 0-0 h6 22. Qe2 Bf8 23. Qf2 a5 24. Nd2 Ra6 25. Nc4 1/2-1/2

[Event "RC-2019-0-00237"]
[Site "LSS email"]
[Date "2019.12.04"]
[Round "?"]
[White "Sofia, Gerardo"]
[Black "Sandocal, Uzmir"]
[Result "1/2-1/2"]
[WhiteElo "1665"]
[BlackElo "1850"]
[PlyCount "60"]
[EventDate "2019.09.02"]
[EventType "tourn (corr)"]
[EventRounds "6"]
[EventCountry "GER"]
[SourceTitle "Corr 2022"]
[Source "ChessBase"]
[SourceDate "2021.10.24"]
[SourceVersion "1"]
[SourceVersionDate "2021.10.24"]
[SourceQuality "1"]

1. d4 d5 2. c4 dxc4 3. e3 Nf6 4. Bxc4 e6 5. Qe2 a6 6. Nf3 c5 7. dxc5 Bxc5 8. 0-0 0-0 9. e4 b5 10. Bd3 Nc6 11. Nbd2 e5 12. a4 bxa4 13. Rxa4 a5 14. Nb3 Bb6 15. Bd2 Bb7 16. Bb5 Nd4 17. Nbxd4 exd4 18. e5 Ne4 19. Bd3 Qd5 20. Re1 Nxd2 21. Qxd2 Qd7 22. Raa1 Bxf3 23. gxf3 Rab8 24. Qf4 Bc7 25. Re2 g6 26. Qe4 Rb4 27. Rc1 Bb8 28. Kg2 Kg7 29. Rc5 a4 30. Rd5 Qb7 1/2-1/2

[Event "SC-2019-0-00381"]
[Site "LSS email"]
[Date "2019.11.22"]
[Round "?"]
[White "Sandocal, Uzmir"]
[Black "Schleef, Harald"]
[Result "1/2-1/2"]
[WhiteElo "1853"]
[BlackElo "1742"]
[PlyCount "59"]
[EventDate "2019.08.30"]
[EventType "tourn (corr)"]
[EventRounds "6"]
[EventCountry "GER"]
[SourceTitle "Corr 2022"]
[Source "ChessBase"]
[SourceDate "2021.10.24"]
[SourceVersion "1"]
[SourceVersionDate "2021.10.24"]
[SourceQuality "1"]

1. e4 c5 2. Nf3 Nc6 3. d4 cxd4 4. Nxd4 e6 5. Nc3 Nf6 6. Be2 d6 7. 0-0 Be7 8. Qd3 0-0 9. Nxc6 bxc6 10. Qg3 Kh8 11. b3 e5 12. Bb2 Be6 13. Rad1 Qa5 14. Rfe1 Rad8 15. h3 Rc8 16. Bf3 h6 17. Re3 c5 18. a3 Qb6 19. Bc1 a5 20. a4 c4 21. Ba3 Rfd8 22. Nb5 Kg8 23. Be2 cxb3 24. cxb3 Rc2 25. Bd3 Ra2 26. Bb1 Rxa3 27. Nxa3 d5 28. Nb5 d4 29. Re2 Qb8 30. Rb2 1/2-1/2

[Event "SC-2019-0-00381"]
[Site "LSS email"]
[Date "2019.11.20"]
[Round "?"]
[White "Sandocal, Uzmir"]
[Black "Thomae, Eberhard"]
[Result "1-0"]
[WhiteElo "1853"]
[BlackElo "1741"]
[PlyCount "89"]
[EventDate "2019.08.30"]
[EventType "tourn (corr)"]
[EventRounds "6"]
[EventCountry "GER"]
[SourceTitle "Corr 2022"]
[Source "ChessBase"]
[SourceDate "2021.10.24"]
[SourceVersion "1"]
[SourceVersionDate "2021.10.24"]
[SourceQuality "1"]

1. b3 Nc6 2. e3 e5 3. Bb2 Nf6 4. Nf3 e4 5. Nd4 Be7 6. Nxc6 dxc6 7. d4 Qd5 8. c4 Qf5 9. g3 h5 10. h3 0-0 11. Nc3 b6 12. Qc2 Re8 13. Bg2 Bb4 14. c5 Ba6 15. a3 Bd3 16. Qd2 Bxc3 17. Bxc3 Nd5 18. cxb6 axb6 19. Bb2 c5 20. Bf1 cxd4 21. Bxd4 c5 22. Bb2 Red8 23. Be2 Ne7 24. g4 Qe6 25. gxh5 Kh7 26. Rg1 f6 27. Qd1 Bc4 28. Bxc4 Rxd1+ 29. Rxd1 Qxh3 30. h6 Kxh6 31. Rg3 Qf5 32. Be2 g5 33. Bg4 Qg6 34. Rh3+ Kg7 35. Rd7 Re8 36. Rb7 b5 37. Be6 g4 38. Rh4 g3 39. Kf1 g2+ 40. Kg1 Kf8 41. Rd7 c4 42. Rh8+ Kg7 43. Rh2 Kf8 44. Rxg2 Qh6 45. Rg8+ 1-0

[Event "RC-2019-0-00235"]
[Site "LSS email"]
[Date "2019.10.25"]
[Round "?"]
[White "Sandocal, Uzmir"]
[Black "Laffont, Jose Eduardo Alfred"]
[Result "1-0"]
[WhiteElo "1856"]
[BlackElo "1863"]
[PlyCount "117"]
[EventDate "2019.06.26"]
[EventType "tourn (corr)"]
[EventRounds "6"]
[EventCountry "GER"]
[SourceTitle "Corr 2022"]
[Source "ChessBase"]
[SourceDate "2021.10.24"]
[SourceVersion "1"]
[SourceVersionDate "2021.10.24"]
[SourceQuality "1"]

1. d4 Nf6 2. c4 e6 3. Nc3 Bb4 4. Nf3 0-0 5. Bf4 Nc6 6. e3 d6 7. Bd3 Bxc3+ 8. bxc3 h6 9. Bg3 Qe7 10. 0-0 e5 11. Nd2 Bd7 12. Re1 e4 13. Bc2 Rab8 14. f4 exf3 15. Qxf3 Bg4 16. Qf4 g5 17. Qf2 Nh5 18. e4 f5 19. exf5 Qh7 20. c5 d5 21. Rf1 Rbe8 22. Rae1 Rxe1 23. Qxe1 Qd7 24. Bd3 Ne7 25. Be5 Bxf5 26. Bxf5 Rxf5 27. Rxf5 Qxf5 28. Bxc7 Qd7 29. Bd6 Nc6 30. Nf1 Nf6 31. Ng3 Ne8 32. h3 Ng7 33. Qe2 Qf7 34. Qg4 Kh7 35. Kh2 a6 36. Kg1 Kg8 37. h4 gxh4 38. Qxh4 Kh7 39. Qh3 a5 40. Qg4 Kg8 41. Nf1 h5 42. Qg5 Qf5 43. Qg3 Kh7 44. a4 Qf7 45. Ne3 Ne8 46. Be5 Nxe5 47. Qxe5 Nf6 48. Kh2 Kh6 49. Kh3 Kh7 50. Kh4 Qg7 51. Qf5+ Kh8 52. g3 Qe7 53. Kh3 Qg7 54. c4 dxc4 55. Nxc4 Qe7 56. d5 Kg7 57. Qg5+ Kh8 58. Ne5 Qg7 59. Qf5 1-0

[Event "RC-2019-0-00235"]
[Site "LSS email"]
[Date "2019.10.25"]
[Round "?"]
[White "Sandocal, Uzmir"]
[Black "Sabbatini, Giuseppe"]
[Result "1/2-1/2"]
[WhiteElo "1856"]
[BlackElo "1718"]
[PlyCount "84"]
[EventDate "2019.06.26"]
[EventType "tourn (corr)"]
[EventRounds "6"]
[EventCountry "GER"]
[SourceTitle "Corr 2022"]
[Source "ChessBase"]
[SourceDate "2021.10.24"]
[SourceVersion "1"]
[SourceVersionDate "2021.10.24"]
[SourceQuality "1"]

1. b3 e5 2. e3 Nc6 3. Bb2 Nf6 4. Nc3 d5 5. Bb5 Bd6 6. Nge2 0-0 7. Bxc6 bxc6 8. 0-0 Re8 9. d3 Qe7 10. Na4 c5 11. c4 d4 12. Ng3 Bd7 13. e4 g6 14. Bc1 h5 15. Bg5 Qe6 16. f3 Nh7 17. Bd2 Rab8 18. Re1 Qe7 19. Rf1 Ng5 20. Nb2 h4 21. Nh1 h3 22. g3 f5 23. Nf2 f4 24. Kh1 fxg3 25. hxg3 Kg7 26. Ng4 Rh8 27. Nh2 Ne6 28. Qe2 Rbe8 29. Rf2 Ref8 30. Raf1 g5 31. Bc1 Kg6 32. Ng4 Ng7 33. Kh2 Ne6 34. Nd1 Bc8 35. Qe1 Nd8 36. Bd2 Kg7 37. Rg1 Nc6 38. Qe2 Kf7 39. Nb2 Bd7 40. Rgf1 Ke8 41. Qe1 Kd8 42. a3 Kc8 1/2-1/2

[Event "RC-2019-0-00235"]
[Site "LSS email"]
[Date "2019.10.02"]
[Round "?"]
[White "Laczay, Istvan"]
[Black "Sandocal, Uzmir"]
[Result "0-1"]
[WhiteElo "1720"]
[BlackElo "1856"]
[PlyCount "92"]
[EventDate "2019.06.26"]
[EventType "tourn (corr)"]
[EventRounds "6"]
[EventCountry "GER"]
[SourceTitle "Corr 2022"]
[Source "ChessBase"]
[SourceDate "2021.10.24"]
[SourceVersion "1"]
[SourceVersionDate "2021.10.24"]
[SourceQuality "1"]

1. d4 d5 2. c4 dxc4 3. e3 e6 4. Bxc4 c5 5. Nf3 Nf6 6. 0-0 Qc7 7. Qe2 a6 8. a4 Nc6 9. Rd1 h6 10. Nc3 Bd6 11. dxc5 Bxc5 12. h3 0-0 13. e4 Nd7 14. b3 Rd8 15. Be3 b6 16. Bxc5 Nxc5 17. Rxd8+ Qxd8 18. Rd1 Qc7 19. Qb2 Bb7 20. b4 Nd7 21. b5 Nce5 22. Nxe5 Nxe5 23. bxa6 Nxc4 24. axb7 Qxb7 25. Qb3 Rc8 26. Rd4 Ne5 27. Nb5 Rc1+ 28. Kh2 Qc6 29. f4 Rf1 30. Qc3 Qxc3 31. Nxc3 Rxf4 32. Rd6 Rf2 33. Rxb6 Rc2 34. Nb5 g5 35. Nd6 Kg7 36. Kg1 Ra2 37. Ra6 Kf6 38. a5 g4 39. hxg4 Kg5 40. Ra7 Kf4 41. Rb7 f6 42. Rb3 Ra1+ 43. Kf2 Rxa5 44. g3+ Kxg4 45. Ne8 Ra8 46. Nc7 Ra2+ 0-1

[Event "RC-2019-0-00234"]
[Site "LSS email"]
[Date "2019.09.15"]
[Round "?"]
[White "Madrid Sole, Antonio"]
[Black "Sandocal, Uzmir"]
[Result "1/2-1/2"]
[WhiteElo "1834"]
[BlackElo "1854"]
[PlyCount "48"]
[EventDate "2019.05.29"]
[EventType "tourn (corr)"]
[EventRounds "6"]
[EventCountry "GER"]
[SourceTitle "Corr 2022"]
[Source "ChessBase"]
[SourceDate "2021.10.24"]
[SourceVersion "1"]
[SourceVersionDate "2021.10.24"]
[SourceQuality "1"]

1. e4 e5 2. Bc4 Nf6 3. d3 c6 4. Nf3 d5 5. Bb3 Bd6 6. Nc3 d4 7. Ne2 a5 8. c3 c5 9. 0-0 0-0 10. Ng3 Nc6 11. h3 b5 12. cxd4 Nxd4 13. Nxd4 cxd4 14. Bg5 h6 15. Bxf6 Qxf6 16. Bd5 Ra6 17. Rc1 g6 18. Re1 Bd7 19. Re2 Kg7 20. Rec2 Rb6 21. Bc6 Be6 22. Bd5 a4 23. Bxe6 Qxe6 24. Qg4 Qxg4 1/2-1/2

[Event "RC-2019-0-00234"]
[Site "LSS email"]
[Date "2019.09.08"]
[Round "?"]
[White "Sandocal, Uzmir"]
[Black "Schleef, Harald"]
[Result "0-1"]
[WhiteElo "1854"]
[BlackElo "1713"]
[PlyCount "96"]
[EventDate "2019.05.29"]
[EventType "tourn (corr)"]
[EventRounds "6"]
[EventCountry "GER"]
[SourceTitle "Corr 2022"]
[Source "ChessBase"]
[SourceDate "2021.10.24"]
[SourceVersion "1"]
[SourceVersionDate "2021.10.24"]
[SourceQuality "1"]

1. e4 c5 2. d4 cxd4 3. Qxd4 Nc6 4. Qd3 Nf6 5. Nc3 a6 6. Nf3 e6 7. Bf4 b5 8. e5 Qc7 9. Be2 Nb4 10. Qd1 Bb7 11. a3 Nbd5 12. Nxd5 Nxd5 13. Bg3 Nb6 14. 0-0 Be7 15. c3 Bd5 16. Re1 Qb7 17. Qc2 g5 18. Red1 h5 19. h4 gxh4 20. Bxh4 Rg8 21. Qh7 0-0-0 22. Bxe7 Bxf3 23. Bf1 Bxg2 24. Bxd8 Rg4 25. Qxh5 Bh3+ 26. Qxg4 Bxg4 27. Rd4 Kxd8 28. Rxg4 Qd5 29. Re1 Qa2 30. Rb4 Nd5 31. Rg4 Qxb2 32. c4 bxc4 33. Bxc4 Qd2 34. Kf1 a5 35. Rg3 Nf4 36. Rf3 Qd4 37. Bb5 Ke7 38. a4 f6 39. exf6+ Qxf6 40. Re4 Qa1+ 41. Re1 Qd4 42. Rg3 Qh8 43. Kg1 d5 44. Rc1 Qe5 45. Bf1 d4 46. Rd1 Kf6 47. Bc4 Qc5 48. Bf1 e5 0-1